000 02376cam a22006734i 4500
003 PE-LiUPU
005 20250731170423.0
008 180626s2013 mx a rb 001 0 spa d
020 _a6071715954
020 _a9786071715951
035 _a(Sirsi) a249065
040 _aPE-LiUPU
_bspa
_cPE-LiUPU
_erda
049 _aPRUA
082 0 4 _a152.4
_bV34
_221
100 1 _aVasconcelos, Bertha,
_eautor.
245 1 0 _aManejo de emociones en la mujer :
_bLecturas rápidas para el bienestar emocional de las mujeres /
_cBertha Vasconcelos.
250 _aPrimera edición.
264 1 _aMéxico :
_bEditorial Trillas,
_c2013.
300 _a200 páginas :
_bilustraciones ;
_c23 centímetros
336 _atext
_2rdacontent
337 _aunmediated
_2rdamedia
338 _avolume
_2rdacarrier
504 _aBibliografía : páginas 189-194.
504 _aÍndice : páginas 195-200.
505 0 _aLa mujer y las emociones -- Las emociones y el cuerpo -- Aceptación del ser mujer -- Situaciones especiales en la vida de la mujer -- La importancia de identificar las emociones -- Autoestima, emociones y límites -- Creencias y su repercusión en nuestras emociones -- Las emociones más comunes -- Las emociones más comunes Cierre de círculos y el perdón.
526 _aSEG68
526 _aSEG70
526 _aSEG69
526 _aSEG67
526 _aSEG43
526 _aP144
526 _aP143
526 _aP131
526 _aP122
526 _aP120
526 _aP117
526 _aP112
526 _aP110
526 _aP106
526 _aP101
526 _aP80
526 _aP59
526 _aP54
526 _aP35
526 _aP33
526 _aP30
541 _gF002-00000083;
650 0 4 _aEmociones
_xMujeres.
650 0 4 _aMenopausia
_xObras populares.
650 0 4 _aMujeres
_vSalud e higiene.
650 0 4 _aEmotions
_xWomen.
650 0 4 _aMenopause
_vPopular works.
650 0 4 _aWomen
_xHealth and hygiene.
910 _adbm
_bjpc
_cjpc
_d20180626
942 _2ddc
_cBOOK
994 _aC0
_bPEPRU
596 _a1
999 _a152.4 V34
_wDEWEY
_c28661
_i78797
_d28661
_e2019-6-9
_f2021-11-3
_g4
_lCCODEBUL1
_mBUL
_n1
_p21.00
_q4
_r0
_sY
_tBOOK
_u2018-6-26
_xSALUD
_zP33
_0COMPRA
_1FCOMPRA
_o.STAFF. Colección Ciencias de la Salud
980 _81
_gALBERTO SANCHEZ Responsable de Automatización